00873nam a2200229 i 450000100060000000300090000600500170001500700030003200800410003508000200007610000380009624501210013426000320025530000220028749000420030965000400035170000310039183000500042285200320047299900170050495201220052127821ES-MaACL20250929063056.0t|030115s1967 sp ||||1| spa d a371.03:28-053.71 aBabin, Pierre, d1925-201292441813aLa formación religiosa de preadolescentes y adolescentes b: orientaciones pedagógicas / cPierre Babin y Bagot. aMadrid : bMarova, c[1967] a118 p. ; c19 cm.1 aColección de Pastoral Catequética 7aEducación cristiana2embne9120901 aBagot, Jean Pierre.9246420 aColección de Pastoral Catequética9229232 aES-MaACLjC-33811 bR.64678 c27821d27821 00104070aATENEOMbATENEOMcDEPO2d2008-01-17eSCl0oC-33811p1028727r2023-02-23 00:00:00w2023-02-23yMONOGRAFIA